Labuť spevavá (Cygnus cygnus) na severozápadnom Slovensku

Bibliographic Details
Main Author: Karaska, Dušan, 1962- (Author)
Format: Article
Language:Slovak
PhysicalDescription:Res. angl., nem., lit. 4 zázn. v češ., slov.
ISBN:8096718304
Subjects:

MARC

LEADER 00000nab a2200000 a 4500
001 vtls000542121
003 SK-MaSNL
005 20260304094859.0
008 250425c1994 xo 0 slo
015 |a SNBRA19rr/mm-uuuuu 
035 |a CL0542259 
035 |a urn:nbn:sk:snk-abd2o2 
035 |a (urnnbn)urn:nbn:sk:snk:ar-007pu8 
035 |a (uuid)c05eeb3b-7eef-4036-967f-1e406ca80c29 
040 |a SNKBUCL  |b slo  |c SNKBUCL  |e AACR2 
041 0 |a slo 
044 |a xo  |c SK 
080 |a 598.414(437.6)  |2 1981 
100 1 |a Karaska, Dušan,  |d 1962-  |4 aut  |9 104359 
245 1 0 |a Labuť spevavá (Cygnus cygnus) na severozápadnom Slovensku  |c Dušan Karaska 
300 |b Res. angl., nem., lit. 4 zázn. v češ., slov. 
650 0 7 |a labuť spevavá  |2 snkbucl  |9 120334 
651 7 |a Slovensko severozápadné  |2 snkbucl  |9 56274 
655 7 |a články zo zborníkov  |2 snkbucl  |9 166140 
773 0 |t Vlastivedný zborník Považia 17  |d Žilina : Považské múzeum, 1994  |g S. 95-97  |z 8096718304 
850 |a Slovenská národná knižnica 
852 |a Slovenská národná knižnica 
954 |a odborná, vedecká literatúra pôvodná (slovenská)  |2 lita 
958 |a article17 
958 |a RK 
958 |a OND 
958 |a EUIPO 
992 |a RZB 
999 |c 2829450  |d 2831380